YouTube users by country - Statistics

General Stats
  • This quiz has been taken 270 times
  • The average score is 11 of 15
Answer Stats
Number of unique users Country % Correct
128 000 000 United States
99%
20 900 000 United Kingdom
91%
19 200 000 Canada
88%
22 900 000 France
85%
22 600 000 Germany
84%
29 800 000 Japan
83%
21 700 000 Russia
83%
19 200 000 Mexico
81%
32 600 000 Brazil
77%
24 000 000 India
77%
7 900 000 Australia
75%
9 800 000 Argentina
60%
8 800 000 Netherlands
31%
3 900 000 Philippines
25%
3 560 000 Israel
13%
No matching quizzes found
Score Distribution
Percent of People with Each Score
Percentile by Number Answered
Your Score History
You have not taken this quiz